000 00565nam a2200193Ia 4500
005 20260114185657.0
008 008 260114s9999 xx 000 0 eng d
020 _a9781474227216
037 _aEBOOK
040 _aCRL
_beng
_cCRL
041 _aeng
_2eng
084 _qCRL
100 _aHayden Lorimer
_9873011
245 0 _aGeographers Biobibliographical Studies, Volume 30
260 _bBloomsbury
_c2011
856 _uhttps://doi.org/10.5040/9781474227216?locatt=label:secondary_bloomsburyCollections
942 _cEBOOK
999 _c1471959
_d1471959